000 00651nam a2200193 i 4500
001 113159
003 ES-MaACL
005 20230906185759.0
007 t|
008 061121s1903 fr r ||||1| fre d
100 1 _aNietzsche, Friedrich,
_d1844-1900
_985718
245 1 3 _aLa volonte de puissance
_b: essai d'une transmutation de toutes les valeurs : (etudes et fragments) /
_cFriedrich Nietzsche ; traduit par Henri Albert.
260 _aParis :
_bMercure de France,
_c1903.
300 _a2 v. ;
_c19 cm.
650 0 4 _aNihilismo (FilosofĂ­a)
_915540
700 1 _aAlbert, Henri.
_919310
852 _aES-MaACL
_jF-8855-56
999 _c113159
_d113159